[Event "Challenge"]
[Site "http://www.queenalice.com/game.php?id=351343"]
[Date "2008.2.9"]
[Round "-"]
[White "Semao"]
[Black "Juventus"]
[Result "1-0"]
[WhiteElo "1783"]
[BlackElo "1613"]

1. e4 g6 2. Nf3 Bg7 3. e5 Nc6 4. d4 d6 5. exd6 Qxd6 6. c3 Nf6 7. Be2 O-O 8. O-O
e5 9. dxe5 Nxe5 10. Qxd6 Nxf3+ 11. Bxf3 cxd6 12. Bg5 Rd8 13. Nd2 Rd7 14. Bxf6
Bxf6 15. Rfd1 Rc7 16. Ne4 Be7 17. Nxd6 Bxd6 18. Rxd6 Rb8 19. Rad1 b6 20. Rd8+
Kg7 21. Re8 a5 22. Rdd8 f5 23. h3 Kf7 24. Bd5+ Kf6 25. f4 Re7 26. Rd6+ Kg7 27.
Rxe7+ 1-0

[Event "Challenge"]
[Site "http://www.queenalice.com/game.php?id=351347"]
[Date "2008.2.9"]
[Round "-"]
[White "Bernhardur"]
[Black "Juventus"]
[Result "1-0"]
[WhiteElo "1734"]
[BlackElo "1613"]

1. f4 Nf6 2. Nf3 g6 3. e3 Bg7 4. d4 O-O 5. Be2 d6 6. c3 Bg4 7. O-O Ne4 8. Nbd2
d5 9. Nxe4 dxe4 10. Ne5 Bxe2 11. Qxe2 Nd7 12. Qb5 Nxe5 13. fxe5 Rb8 14. Qc4 e6
15. Rf4 Qd5 16. Qxc7 Rbc8 17. Qe7 Bh6 18. Rf2 Rce8 19. Qb4 Bg5 20. Bd2 f6 21.
exf6 Rxf6 22. Rxf6 Bxf6 23. Qa4 Ra8 24. Rf1 Bg5 25. c4 Qc6 26. Qb3 Rf8 27. Rxf8+
Kxf8 28. Qa3+ Be7 29. Bb4 Bxb4 30. Qxb4+ Kf7 31. h3 h5 32. g3 Qc7 33. Kg2 Qb6
34. Qxb6 axb6 35. Kf2 Kf6 36. Ke2 Kf5 37. Kd2 g5 38. Kc3 g4 39. h4 Kf6 40. Kb4
e5 41. d5 Ke7 42. Kb5 Kd7 43. Kxb6 Kc8 44. c5 Kb8 45. d6 Kc8 46. d7+ Kxd7 47.
Kxb7 Kd8 48. c6 Ke7 49. c7 1-0

[Event "Challenge"]
[Site "http://www.queenalice.com/game.php?id=351348"]
[Date "2008.2.9"]
[Round "-"]
[White "FabioRibeiro"]
[Black "Juventus"]
[Result "0-1"]
[WhiteElo "1606"]
[BlackElo "1668"]

1. e4 g6 2. d4 c6 3. Nf3 d5 4. exd5 Qxd5 5. Nc3 Qe6+ 6. Be2 Nf6 7. O-O Bg7 8.
Re1 O-O 9. d5 cxd5 10. Bc4 Qd6 11. Nxd5 Nxd5 12. Bxd5 Nd7 13. Be3 e6 14. Bb3
Qxd1 15. Raxd1 Bxb2 16. Bh6 Re8 17. Re3 Nf6 18. Ng5 Ng4 19. Rh3 Nxh6 20. Rxh6 b6
21. Rd3 Ba6 22. Rd7 Red8 23. Rxd8+ Rxd8 24. h3 Be5 25. g3 Bf6 26. Ne4 Bg7 27.
Rh4 Bb7 28. f3 Bxe4 29. Rxe4 h5 30. h4 a5 0-1

[Event "Challenge"]
[Site "http://www.queenalice.com/game.php?id=351349"]
[Date "2008.2.9"]
[Round "-"]
[White "kly"]
[Black "Juventus"]
[Result "0-1"]
[WhiteElo "1024"]
[BlackElo "1694"]

1. Nf3 e6 2. d4 Nf6 3. Nc3 g6 4. Bf4 Ng4 5. h3 Qh4 6. Nxh4 Nf6 7. e3 Nc6 8. Bc4
d5 9. Bb5 Bd7 10. Bxc7 Ne4 11. Nxe4 dxe4 12. f3 Rc8 13. Bf4 a6 14. Ba4 Nb4 15.
fxe4 Bxa4 16. b3 Bd7 17. O-O Rxc2 18. Qe1 Rc8 19. Be5 Rg8 20. Qf2 f5 21. a3 Nd3
22. Qf3 Be7 23. g3 Bb5 24. g4 Nxe5 25. dxe5 Bxf1 26. Qxf1 fxg4 27. Ng2 gxh3 28.
Nf4 Rc3 29. Qxh3 h5 30. Nxe6 Rxb3 31. Rf1 Rxa3 32. Qf3 Ra5 33. Qf8+ Bxf8 34.
Rxf8+ Rxf8 35. Nxf8 Kxf8 36. e6 Re5 37. Kh2 Rxe4 38. e7+ Kxe7 39. Kh3 a5 40. Kg3
a4 41. Kf3 Re6 42. e4 a3 43. Kf4 a2 44. Kg5 a1=Q 45. Kh6 Qc1+ 46. Kh7 g5 47. Kg7
Qf4 48. Kg8 Rg6+ 49. Kh8 Qf8+ 50. Kh7 Qg7# 0-1

[Event "AUTO-INT-810"]
[Site "http://www.queenalice.com/game.php?id=361691"]
[Date "2008.2.26"]
[Round "1"]
[White "Juventus"]
[Black "fugazeton2"]
[Result "1/2-1/2"]
[WhiteElo "1643"]
[BlackElo "1706"]

1. Nf3 d5 2. g3 e6 3. Bg2 Nf6 4. O-O Bc5 5. d4 Be7 6. Nc3 O-O 7. Qd3 b6 8. Bg5
Ba6 9. Qe3 Nc6 10. a4 h6 11. Bxf6 Bxf6 12. Na2 Re8 13. Qd2 Bb7 14. Nb4 Nxb4 15.
Qxb4 a5 16. Qb3 Ba6 17. Rfe1 Qd6 18. Bf1 Rab8 19. e3 Bxf1 20. Rxf1 c5 21. dxc5
bxc5 22. Qa2 Rxb2 23. Qa3 Rb4 24. Rab1 Reb8 25. Rxb4 cxb4 26. Qb3 Qc5 27. Rc1
Qc4 28. Ne1 Qa6 29. c3 Qb6 30. cxb4 Qxb4 31. Qxb4 axb4 32. a5 Bc3 33. a6 Ra8 34.
Nd3 Rxa6 35. Rb1 Ra1 36. Rxa1 Bxa1 37. Nxb4 Bc3 38. Nd3 e5 39. f3 f6 40. Kf2 d4
41. exd4 exd4 42. f4 Kh7 43. Kf3 Kg6 44. Ke4 f5+ 45. Kd5 Kh5 46. Ne5 g5 47. fxg5
hxg5 48. Kc4 g4 49. Nc6 Kg5 50. Nxd4 Bxd4 51. Kxd4 f4 52. Ke4 f3 53. Ke3 Kf5 54.
h3 gxh3 55. Kxf3 Kg5 56. g4 h2 1/2-1/2

[Event "AUTO-INT-810"]
[Site "http://www.queenalice.com/game.php?id=361692"]
[Date "2008.2.26"]
[Round "1"]
[White "fugazeton2"]
[Black "Juventus"]
[Result "1-0"]
[WhiteElo "1672"]
[BlackElo "1642"]

1. e4 g6 2. d4 Bg7 3. Nf3 Nf6 4. e5 Ng4 5. Bc4 e6 6. h3 Nh6 7. O-O O-O 8. Be3 c6
9. Qd2 b5 10. Be2 Nf5 11. Bd3 Nxe3 12. fxe3 f6 13. a4 Qb6 14. axb5 cxb5 15. Kh1
Bb7 16. e4 Nc6 17. c3 b4 18. cxb4 Nxb4 19. Nc3 Nxd3 20. Qxd3 Qxb2 21. Rfb1 Qf2
22. Rxb7 fxe5 23. dxe5 Rfb8 24. Rxb8+ Rxb8 25. Qxd7 Rb2 26. Qxe6+ Kf8 27. Qc8+
Kf7 28. Ng5+ Ke7 29. Nd5# 1-0

[Event "AUTO-INT-810"]
[Site "http://www.queenalice.com/game.php?id=361693"]
[Date "2008.2.26"]
[Round "1"]
[White "Juventus"]
[Black "Negruver"]
[Result "1-0"]
[WhiteElo "1652"]
[BlackElo "1382"]

1. Nf3 e6 2. g3 d5 3. Bg2 Qf6 4. O-O e5 5. d3 Nh6 6. Nc3 c6 7. Bg5 Qd6 8. e4
dxe4 9. Nxe4 Qg6 10. Nxe5 Nf5 11. Nxg6 hxg6 12. Qe2 Nd4 13. Qd2 Rh5 14. Rae1 Nd7
15. Nd6# 1-0

[Event "AUTO-INT-810"]
[Site "http://www.queenalice.com/game.php?id=361694"]
[Date "2008.2.26"]
[Round "1"]
[White "Negruver"]
[Black "Juventus"]
[Result "0-1"]
[WhiteElo "1363"]
[BlackElo "1652"]

1. e3 g6 2. Nh3 Bg7 3. Bc4 Nf6 4. Qf3 O-O 5. Ng5 e6 6. g4 h6 7. Ne4 Nh7 8. Rg1
d5 9. Bd3 dxe4 10. Bxe4 Ng5 11. Qg2 Nxe4 12. Qxe4 f5 13. Qb4 Nc6 14. Qa3 Ne5 15.
Nc3 Nf3+ 16. Kf1 Nxg1 17. Kxg1 Bxc3 18. bxc3 Qg5 19. Rb1 Qxg4+ 20. Kf1 f4 21.
exf4 Qxf4 22. Qc5 b6 23. Qd4 Qxh2 24. Bb2 Ba6+ 25. c4 Bxc4+ 26. d3 Rf7 27. Ke1
Bxa2 28. Ra1 c5 29. Qe3 Bd5 30. Ra4 Rf3 31. Qd2 Qg1+ 32. Ke2 Rxf2+ 33. Ke3 Qg3#
0-1

[Event "Challenge"]
[Site "http://www.queenalice.com/game.php?id=362897"]
[Date "2008.2.29"]
[Round "-"]
[White "eduardofelix"]
[Black "Juventus"]
[Result "1-0"]
[WhiteElo "1713"]
[BlackElo "1657"]

1. d4 Nf6 2. e3 g6 3. h3 Bg7 4. Bd3 O-O 5. Nf3 Nc6 6. O-O d5 7. c4 dxc4 8. Bxc4
Bf5 9. a3 Nd5 10. Nbd2 Na5 11. Bxd5 Qxd5 12. Re1 Be4 13. Nxe4 Qxe4 14. Nd2 Qd5
15. Qc2 c6 16. b4 e5 17. bxa5 Qxa5 18. Bb2 exd4 19. Nb3 Qd8 20. Red1 Qg5 21.
Bxd4 Bxd4 22. Nxd4 Rad8 23. Nf3 Qe7 24. Rxd8 Rxd8 25. a4 h5 26. Rd1 Rxd1+ 27.
Qxd1 Qa3 28. e4 Kg7 29. e5 a6 30. g3 b5 31. axb5 cxb5 32. Qd4 a5 33. e6+ Kf8 34.
Qf4 Qe7 35. Nd4 Kg7 36. Qe5+ Qf6 37. Qxf6+ Kxf6 38. e7 Kxe7 39. Nxb5 Kd7 40. Kf1
Kc6 41. Nc3 Kc5 42. Ke2 Kb4 43. Kd3 a4 44. Kc2 a3 45. Na2+ Ka4 46. h4 f6 47. Kb1
f5 48. Nc1 Kb4 49. Ka2 Ka4 50. Nd3 Kb5 51. f4 Kc4 52. Ne5+ Kd4 53. Nxg6 Ke4 54.
Ne7 Kf3 55. Nxf5 Kg4 56. Ng7 Kxg3 57. f5 Kxh4 58. f6 Kg5 59. f7 1-0

[Event "Challenge"]
[Site "http://www.queenalice.com/game.php?id=371297"]
[Date "2008.3.15"]
[Round "-"]
[White "rrenato"]
[Black "Juventus"]
[Result "1/2-1/2"]
[WhiteElo "1784"]
[BlackElo "1646"]

1. c4 c5 2. d3 Nf6 3. Nc3 g6 4. Nf3 Bg7 5. g3 O-O 6. Bg2 d6 7. O-O Nc6 8. d4
cxd4 9. Nxd4 Nxd4 10. Qxd4 Ng4 11. Qd2 Qa5 12. Qe1 Qb4 13. f3 Nh6 14. b3 Bxc3
15. Qf2 Bxa1 16. Bxh6 Bg7 17. Bxg7 Kxg7 18. Qd4+ f6 19. g4 Qa3 20. Ra1 Qc5 21.
Qxc5 dxc5 22. Rd1 Be6 23. h4 Rad8 24. Rxd8 Rxd8 25. g5 fxg5 26. hxg5 Rd1+ 27.
Kf2 Bf5 28. f4 Rd2 29. Bxb7 Bg4 30. Bf3 Bxf3 31. Kxf3 Rxa2 32. Ke4 Rxe2+ 33. Kd5
Rb2 34. Kxc5 Rxb3 35. Kd5 a5 36. c5 a4 37. Kc4 Rb1 38. c6 Rc1+ 39. Kb4 Rxc6 40.
Kxa4 Rc4+ 41. Kb5 Rxf4 1/2-1/2

[Event "A revanche"]
[Site "http://www.queenalice.com/game.php?id=389008"]
[Date "2008.4.17"]
[Round "-"]
[White "Negruver"]
[Black "Juventus"]
[Result "0-1"]
[WhiteElo "1292"]
[BlackElo "1687"]

1. e3 Nf6 2. Qf3 g6 3. Nh3 Bg7 4. Bc4 O-O 5. Ng5 h6 6. Ne4 d5 7. Bxd5 Nxd5 8.
O-O e5 9. Nbc3 Nxc3 10. Nxc3 Qg5 0-1

[Event "AUTO-INT-877"]
[Site "http://www.queenalice.com/game.php?id=392508"]
[Date "2008.4.24"]
[Round "1"]
[White "whyBish"]
[Black "Juventus"]
[Result "1/2-1/2"]
[WhiteElo "1955"]
[BlackElo "1682"]

1. d4 Nf6 2. c4 g6 3. Nc3 Bg7 4. Nf3 O-O 5. e4 d6 6. Bd3 Bg4 7. h3 Bxf3 8. Qxf3
Nc6 9. Be3 Nb4 10. Rd1 Nxd3+ 11. Rxd3 b6 12. O-O c5 13. e5 dxe5 14. d5 e4 15.
Nxe4 Nxe4 16. Qxe4 Bxb2 17. Bh6 Bg7 18. Bxg7 Kxg7 19. Re1 Re8 20. f4 f5 21. Qe5+
Kf7 22. Qe6+ Kg7 23. Qe5+ Kf7 24. Qe6+ Kg7 25. Qe5+ 1/2-1/2

[Event "AUTO-INT-877"]
[Site "http://www.queenalice.com/game.php?id=392509"]
[Date "2008.4.24"]
[Round "1"]
[White "Juventus"]
[Black "whyBish"]
[Result "0-1"]
[WhiteElo "1693"]
[BlackElo "1950"]

1. Nf3 d5 2. g3 c5 3. Bg2 Nc6 4. O-O e5 5. c3 e4 6. Ne1 f5 7. Qa4 Bd7 8. Qb3 c4
9. Qxb7 Rb8 10. Qa6 Nf6 11. d4 Bd6 12. Na3 O-O 13. Nb5 Rb6 14. Qa4 Ne7 15. Qxa7
Bxb5 16. a4 Nc6 17. Qxb6 Qxb6 18. axb5 Qxb5 19. Nc2 h6 20. Ne3 f4 21. gxf4 Bxf4
22. Nf5 Bxc1 23. Raxc1 Nh5 24. Nd6 Qb6 25. Nf5 Rxf5 0-1

[Event "AUTO-INT-877"]
[Site "http://www.queenalice.com/game.php?id=392524"]
[Date "2008.4.24"]
[Round "1"]
[White "Juventus"]
[Black "alyne_gracyelle"]
[Result "0-1"]
[WhiteElo "1696"]
[BlackElo "1621"]

1. Nf3 d5 2. g3 Nc6 3. Bg2 e5 4. O-O e4 5. Ne1 Nf6 6. e3 Bd6 7. d3 O-O 8. Nc3
Bg4 9. f3 exf3 10. Nxf3 Ne5 11. d4 Nxf3+ 12. Bxf3 Bxf3 13. Qxf3 Be7 14. b3 Qd7
15. Na4 b6 16. c4 c6 17. cxd5 Nxd5 18. e4 Nb4 19. Be3 Nc2 20. Rac1 Nxe3 21. Qxe3
b5 22. Nc5 Bxc5 23. dxc5 Qe6 24. Rcd1 Rfe8 25. Rfe1 f5 26. Rd4 Rac8 27. Kf2 a5
28. exf5 Qxf5+ 29. Rf4 Rxe3 30. Rxf5 Rxe1 31. Kxe1 g6 32. Re5 Kf7 33. Kd2 Rd8+
34. Kc3 Kf6 35. Re4 Rd5 36. b4 a4 37. a3 g5 38. Rd4 Ke5 39. Rxd5+ Kxd5 40. h4 g4
41. Kd3 h5 42. Kc3 Ke4 43. Kd2 Kf3 44. Ke1 Kxg3 45. Kf1 Kxh4 46. Kg2 Kg5 47. Kg3
h4+ 48. Kg2 Kf4 49. Kf2 h3 0-1

[Event "AUTO-INT-877"]
[Site "http://www.queenalice.com/game.php?id=392525"]
[Date "2008.4.24"]
[Round "1"]
[White "alyne_gracyelle"]
[Black "Juventus"]
[Result "1-0"]
[WhiteElo "1608"]
[BlackElo "1716"]

1. e4 e5 2. Nf3 Nc6 3. Bc4 Qf6 4. d3 d6 5. Bg5 Qg6 6. Nc3 h6 7. Be3 Qxg2 8. Rg1
Qh3 9. Qe2 Bg4 10. Rg3 Qh5 11. O-O-O Nd4 12. Bxd4 exd4 13. Nd5 O-O-O 14. Nf4
Bxf3 15. Qxf3 Qa5 16. Bxf7 Ne7 17. Ne6 Rd7 18. Nxd4 c5 19. Nb3 Qxa2 20. Be6 Nc6
21. Bxd7+ Kxd7 22. Qf7+ Ne7 23. Nxc5+ Kc6 24. Qxa2 dxc5 25. Qa4+ b5 26. Qa6+ Kd7
27. Qxb5+ Kd6 28. d4 1-0

[Event "AUTO-INT-877"]
[Site "http://www.queenalice.com/game.php?id=392526"]
[Date "2008.4.24"]
[Round "1"]
[White "Juventus"]
[Black "davi21"]
[Result "1-0"]
[WhiteElo "1656"]
[BlackElo "1554"]

1. Nf3 Nc6 2. g3 e5 3. Bg2 e4 4. Nh4 d5 5. O-O f5 6. e3 g5 7. Qh5+ Kd7 8. Nxf5
Qf6 9. Bh3 Kd8 10. Nd4 Ne5 11. Bxc8 Rxc8 12. Nc3 c6 13. f4 gxf4 14. Rxf4 Qd6 15.
a4 Ne7 16. b3 c5 17. Ndb5 Nf3+ 18. Kf2 Qa6 19. Nxd5 Ng6 20. Rxe4 Qf6 21. Nxf6
1-0

[Event "AUTO-INT-877"]
[Site "http://www.queenalice.com/game.php?id=392527"]
[Date "2008.4.24"]
[Round "1"]
[White "davi21"]
[Black "Juventus"]
[Result "1-0"]
[WhiteElo "1583"]
[BlackElo "1696"]

1. e4 e5 2. a3 Nf6 3. Nc3 d6 4. h3 Nc6 5. Bb5 Qd7 6. Nf3 a6 7. Bxc6 Qxc6 8. d3
Be6 9. Be3 O-O-O 10. O-O d5 11. Nxe5 Qd6 12. Nf3 dxe4 13. dxe4 Qc6 14. Qe2 Bc4
15. Ne5 Bxe2 16. Nxc6 Bxf1 17. Nxd8 Bc4 18. Rd1 Nd7 19. Rd4 Kxd8 20. Rxc4 Bd6
21. Bg5+ f6 22. Be3 Ne5 23. Rd4 Ke7 24. b4 c5 25. Rd5 cxb4 26. axb4 Bxb4 27. Na4
Rc8 28. Rd4 Bc5 29. Rd1 Bxe3 30. fxe3 Rxc2 31. Rd5 Re2 32. Nc5 Rxe3 33. Rd4 Re1+
34. Kf2 Rc1 35. Nxb7 Rc4 36. Rd6 Rc6 37. Rd5 Rc4 38. Ke3 Rc2 39. g3 Rc3+ 40. Kf2
Rf3+ 41. Kg2 Re3 42. Rd4 Rd3 43. Ra4 Re3 44. Nc5 Re2+ 45. Kf1 Rc2 46. Nxa6 Rh2
47. h4 Ke6 48. Kg1 Re2 49. Kf1 Rc2 50. Rb4 Ng4 51. Rb7 Ra2 52. Rxg7 Rxa6 53.
Rxg4 f5 54. Rg7 h5 55. Rg6+ 1-0

[Event "Challenge"]
[Site "http://www.queenalice.com/game.php?id=392557"]
[Date "2008.4.24"]
[Round "-"]
[White "Juventus"]
[Black "klebert_jordan"]
[Result "1-0"]
[WhiteElo "1689"]
[BlackElo "1406"]

1. Nf3 e6 2. g3 f6 3. Bg2 e5 4. e4 Nc6 5. O-O Nb4 6. c3 Nd3 7. Qa4 Nc5 8. Qb5
Nxe4 9. Nxe5 Nd6 10. Qe2 fxe5 11. Qxe5+ Ne7 12. Re1 Nf7 13. Qe2 d6 14. d4 d5 15.
b3 c6 16. Ba3 Bf5 17. Qe3 Bxb1 18. Raxb1 Nd6 19. Qe6 Nc8 20. Bh3 h5 21. Bc1 Qd7
22. Re3 Qxe6 23. Rxe6 g6 24. Bg5 Rg8 25. Rbe1 a5 26. a4 Rg7 27. Bf6 Rg8 28. R6e5
b5 29. Be6 Rg7 30. Bxg7 Bxg7 31. R5e2 Nd6 32. axb5 Nxb5 33. Rc2 Na3 34. Ra2 Nb5
35. Rc2 a4 36. bxa4 Rxa4 37. Bc8 Na7 38. Bb7 Kd7 39. Kg2 Nb5 40. Kf3 Nd6 41. Rb2
Ra7 42. Reb1 Nc4 43. Re2 Nf5 44. g4 Bxd4 45. gxf5 Bxc3 46. fxg6 Nd2+ 47. Rxd2
Bxd2 48. g7 Ra3+ 49. Ke2 Rh3 50. g8=Q Bf4 51. Qc8+ Ke7 52. Qxh3 Bxh2 53. Qxh2
Kd7 54. Qxh5 Kd6 55. Rg1 1-0

[Event "Challenge"]
[Site "http://www.queenalice.com/game.php?id=409512"]
[Date "2008.5.28"]
[Round "-"]
[White "ORNELAS"]
[Black "Juventus"]
[Result "0-1"]
[WhiteElo "1641"]
[BlackElo "1694"]

1. e4 e5 2. Nf3 Bd6 3. d4 Nf6 4. Bd3 exd4 5. c3 dxc3 6. Nxc3 O-O 7. Bg5 h6 8.
Be3 Ng4 9. Be2 Nxe3 10. fxe3 Qf6 11. O-O Nc6 12. Nd5 Qxb2 13. Rb1 Qxa2 14. Rf2
Re8 15. Bf1 Qa3 16. Ra1 Qc5 17. Rc1 Qa3 18. Rc3 Qa5 19. Bd3 Nb4 20. Nxb4 Bxb4
21. Rb3 b6 22. Qb1 Bc5 23. Re2 Ba6 24. Bxa6 Qxa6 25. Ra2 Qb7 26. Ra4 Re7 27. Kf2
Rae8 28. Qa1 Rxe4 29. Rxa7 Qc6 30. Qe1 Bxe3+ 31. Rxe3 Rxe3 32. Qxe3 Rxe3 33.
Kxe3 Qc3+ 34. Kf2 b5 35. Ra8+ Kh7 36. Rf8 Qc5+ 37. Kg3 Qxf8 38. h3 b4 39. Kh2 b3
40. Nd4 Qd6+ 0-1

[Event "Challenge"]
[Site "http://www.queenalice.com/game.php?id=410609"]
[Date "2008.5.30"]
[Round "-"]
[White "tuninglou"]
[Black "Juventus"]
[Result "0-1"]
[WhiteElo "1546"]
[BlackElo "1684"]

1. e4 e5 2. Nf3 Bd6 3. Nc3 Nf6 4. d4 exd4 5. Nxd4 O-O 6. Bg5 Bc5 7. Bc4 d6 8.
O-O h6 9. Bf4 Ng4 10. h3 Qf6 11. Nf5 Ne5 12. Nd5 Qd8 13. b3 Nxc4 14. bxc4 g6 15.
Nxh6+ Kg7 16. Qf3 Nc6 17. Qe2 Nd4 18. Qd2 c6 19. Nb4 Qe7 20. Rae1 Bxb4 21. Qxd4+
f6 22. Rd1 g5 23. Bxg5 Kg6 24. Bf4 Bc5 25. Qd3 f5 26. exf5+ Bxf5 27. Qg3+ Kh7
28. Rfe1 Qf6 29. Qg5 Bxc2 30. Re7+ Kh8 31. Rxb7 Bxd1 32. Rc7 Qxf4 33. Qxf4 Rxf4
34. Rf7 Rxf7 35. Nxf7+ Kg7 36. Ng5 Re8 37. g4 Re2 38. Kg2 Rxf2+ 39. Kg3 Rxa2 40.
Ne6+ Kg6 41. Nf4+ Kg5 42. Ne6+ Kg6 43. Nf4+ Kf6 44. Nh5+ Kg5 45. h4+ Kh6 0-1